000 00980nam a22002777a 4500
005 2010080503393.0
008 100412t xxu||||| |||| 00| 0 ur d
010 _aUR-7583
020 _c200.00
035 _aU-6138
037 _bAl Hasanat Books
040 _adpl
_bur
082 _a270.2
100 _aمحمد عبداحفیظ
_9616
245 _aتعارف قرآن /
_cمحمد عبدلحفیظ
_b
246 _aTaaruf Quran /
_bby Mohd. Abdulhafeez
260 _a دلّی
_bالحسنات بکس
_c2010
270 _a3004/2, Sir Syed Ahmad Road, Darya Ganj
_bNew Delhi
_e110002
_k2321845
_malhasanatbooks@rediffmail.com
300 _a328 ص
_b22 س م (Hb)
500 _a
600 _aکہا نی
_9966
600 _aStory
_9967
700 _96717
942 _2ddc
_cUR
_h270.2
_mم ح م
999 _c39489
_d39489